[Event "PanAm Intercolleagiate-ch 2019"]
[Site "Charlotte"]
[Date "2019.12.28"]
[Round "2.4"]
[White "Beatrez, Patrick"]
[Black "Hakobyan, Aram"]
[Result "1-0"]
[WhiteElo "1801"]
[BlackElo "2576"]
[Annotator "ChessBase"]
[PlyCount "90"]
[EventDate "2019.12.27"]
[EventType "team-tourn"]
[EventCountry "USA"]
[SourceTitle "playchess.com"]
[Source "ChessBase"]
[SourceQuality "1"]
[TimeControl "5400+30"]

1. d4 {[%emt 1:30:30]} Nf6 {[%emt 1:30:30]} 2. Nf3 {[%emt 0:00:30]} c5 {[%emt 0:00:30]} 3. d5 {[%emt 0:00:30]} e6 {[%emt 0:00:30]} 4. Nc3 {[%emt 0:00:30]} exd5 {[%emt 0:00:30]} 5. Nxd5 {[%emt 0:00:30]} Nxd5 {[%emt 0:00:30]} 6. Qxd5 {[%emt 0:00:30]} d6 {[%emt 0:00:30]} 7. e4 {[%emt 0:00:30]} Nc6 {[%emt 0:00:30]} 8. Ng5 {[%emt 0:00:30]} Qc7 {[%emt 0:00:30]} 9. Bc4 {[%emt 0:00:30]} Ne5 {[%emt 0:00:30]} 10. Bb5+ {[%emt 0:00:30]} Bd7 {[%emt 0:00:30]} 11. Bxd7+ {[%emt 0:00:30]} Qxd7 {[%emt 0:00:30]} 12. Bf4 {[%emt 0:00:30]} Ng6 {[%emt 0:00:30]} 13. Bg3 {[%emt 0:00:30]} h6 {[%emt 0:00:30]} 14. Nf3 {[%emt 0:00:30]} O-O-O {[%emt 0:00:30]} 15. O-O {[%emt 0:00:30]} Qe6 {[%emt 0:00:30]} 16. Qd3 {[%emt 0:00:30]} d5 {[%emt 0:00:30]} 17. Rad1 {[%emt 0:00:30]} d4 {[%emt 0:00:30]} 18. Qa3 {[%emt 0:00:30]} Qb6 {[%emt 0:00:30]} 19. Nd2 {[%emt 0:00:30]} h5 {[%emt 0:00:30]} 20. h3 {[%emt 0:00:30]} h4 {[%emt 0:00:30]} 21. Bh2 {[%emt 0:00:30]} Bd6 {[%emt 0:00:30]} 22. Bxd6 {[%emt 0:00:30]} Qxd6 {[%emt 0:00:30]} 23. Nc4 {[%emt 0:00:30]} Qc6 {[%emt 0:00:30]} 24. Qxa7 {[%emt 0:00:30]} Nf4 {[%emt 0:00:30]} 25. Rfe1 {[%emt 0:00:30]} Rh5 {[%emt 0:00:30]} 26. Na5 {[%emt 0:00:30]} Qc7 {[%emt 0:00:30]} 27. Nc4 {[%emt 0:00:30]} Qc6 {[%emt 0:00:30]} 28. Nb6+ {[%emt 0:00:30]} Kc7 {[%emt 0:00:30]} 29. Nd5+ {[%emt 0:00:30]} Rdxd5 {[%emt 0:00:30]} 30. Qa5+ {[%emt 0:00:30]} Kd7 {[%emt 0:00:30]} 31. exd5 {[%emt 0:00:30]} Qxd5 {[%emt 0:00:30]} 32. Qb5+ {[%emt 0:00:30]} Kd6 {[%emt 0:00:30]} 33. f3 {[%emt 0:00:30]} Rg5 {[%emt 0:00:30]} 34. Rd2 {[%emt 0:00:30]} Qxf3 {[%emt 0:00:30]} 35. Rxd4+ {[%emt 0:00:30]} cxd4 {[%emt 0:00:30]} 36. Qxg5 {[%emt 0:00:30]} Ne2+ {[%emt 0:00:30]} 37. Kh2 {[%emt 0:00:30]} Qg3+ {[%emt 0:00:30]} 38. Qxg3+ {[%emt 0:00:30]} Nxg3 {[%emt 0:00:30]} 39. Re8 {[%emt 0:00:30]} f6 {[%emt 0:00:30]} 40. Rd8+ {[%emt 0:00:30]} Kc5 {[%emt 0:00:30]} 41. Rd7 {[%emt 0:00:30]} b5 {[%emt 0:00:30]} 42. Rxg7 {[%emt 0:00:30]} Nf5 {[%emt 0:00:30]} 43. Rf7 {[%emt 0:00:30]} Ne3 {[%emt 0:00:30]} 44. Kg1 {[%emt 0:00:30]} Nxc2 {[%emt 0:00:30]} 45. Rc7+ {[%emt 0:00:30]} Kd5 {[%emt 0:00:30]} 1-0

[Event "PanAm Intercolleagiate-ch 2019"]
[Site "Charlotte"]
[Date "2019.12.28"]
[Round "2.5"]
[White "Swiercz, Dariusz"]
[Black "Cremisi, Daniel"]
[Result "1-0"]
[WhiteElo "2659"]
[BlackElo "2163"]
[Annotator "TA"]
[PlyCount "123"]
[EventDate "2019.12.27"]
[EventType "team-tourn"]
[EventCountry "USA"]
[SourceTitle "playchess.com"]
[Source "ChessBase"]
[SourceQuality "1"]

{[%evp 17,123,11,30,32,25,29,16,16,18,16,16,18,13,18,20,26,28,16,32,8,25,30,38,8,8,12,12,6,7,5,72,72,72,84,87,87,98,88,141,118,118,118,153,108,100,96,97,79,116,105,102,13,13,1,13,8,8,8,8,0,0,0,0,0,0,0,0,0,0,0,0,0,0,0,0,0,0,0,0,0,0,0,0,0,2,3,10,0,10,10,10,17,87,87,29950,29944,29963,29964,29964,29963,29966,29966,29966,29965,29965,29965,29969,29963]} 1. e4 e6 2. d4 d5 3. Nd2 c5 4. Ngf3 cxd4 5. Nxd4 Nc6 6. Bb5 Bd7 7. Nxc6 Bxc6 8. Bxc6+ bxc6 9. c4 Nf6 10. Qa4 {C07: French Tarrasch: 3...c5, 4 Ngf3 and 4 exd5 Qxd5} Qd7 11. e5 Ng8 (11... Ng4 12. Nf3 f6 13. exf6 gxf6 14. cxd5 exd5 15. O-O Bd6 16. Bf4 c5 17. Rfe1+ Be7 18. Rxe7+ Kxe7 {1-0 (46) Anand,V (2803)-Bartel,M (2622) Berlin 2015}) 12. O-O {The position is equal.} Ne7 13. Rd1 Ng6 14. Nf3 Be7 $146 ({Predecessor:} 14... Bc5 15. b3 O-O 16. cxd5 exd5 17. Bb2 Rac8 {0-1 (45) Bailet,P (2536)-Agmanov,Z (2393) Riga 2017}) 15. Be3 O-O 16. cxd5 exd5 17. Rac1 Rfc8 18. Bc5 (18. b3 {with more complications.} Bd8 19. h3 Bb6 20. Bc5 Bc7 21. Bd4) 18... Bxc5 19. Rxc5 Qe7 20. Rxc6 (20. Qd4 {is more complex.} Nf4 21. Rc2 Ne6 22. Qa4 Qc7 23. Nd4) 20... Nxe5 21. Nxe5 Qxe5 22. Rxc8+ Rxc8 23. Qxa7 Qxb2 $14 {[%mdl 4096] Endgame [#] KQR-KQR} (23... Qe2 $11 24. Rf1 Qxb2) 24. Qd7 $1 $16 {[%cal Rd7c8][%mdl 576] Double Attack} Qc2 {[%cal Rc2d1]} 25. Qxd5 {White wants to mate with Qd8+!} g6 26. g3 Qa4 27. Qb3 Qa7 ({Better is} 27... Qxb3 28. axb3 Kf8) 28. h4 Ra8 29. Rd2 Rb8 30. Qf3 Qa5 31. Re2 Kg7 32. Kg2 Rc8 33. Qe4 Qa8 34. Qxa8 (34. a4 $16) 34... Rxa8 {KR-KR} 35. Kf3 Kf6 36. Ke4 g5 37. hxg5+ Kxg5 38. Kd3 f5 39. Kc3 f4 40. Kb2 fxg3 41. fxg3 Rb8+ 42. Ka1 Kg4 43. Re3 Ra8 44. Kb2 h5 45. a3 Rb8+ 46. Ka2 Ra8 $1 47. Rd3 Kh3 48. Rc3 Kg4 49. Kb3 {With the idea a4.} Rb8+ $1 50. Kc2 Ra8 51. Kb2 Rb8+ 52. Ka2 Ra8 $1 53. Re3 Kh3 54. Re5 Kxg3 (54... Kg4 $1 $11 {keeps the balance.}) 55. Rxh5 Kf4 $2 {[%mdl 8192] [#]} (55... Kg4 $16 56. Rb5 Kf4) 56. Kb3 {White mates.} Ke4 57. a4 {[%cal Ba3a4,Ba4a5,Ba5a6,Ba6a7][%mdl 32]} Kd4 58. a5 Rb8+ 59. Ka4 Kc4 60. a6 Rb1 61. Ka5 Rf1 62. a7 {Accuracy: White = 68%, Black = 63%.} 1-0

[Event "PanAm Intercolleagiate-ch 2019"]
[Site "Charlotte"]
[Date "2019.12.28"]
[Round "2.6"]
[White "Ipatov, Alexander"]
[Black "Malhotra, Akshay"]
[Result "0-1"]
[WhiteElo "2631"]
[BlackElo "2153"]
[Annotator "TA"]
[PlyCount "59"]
[EventDate "2019.12.27"]
[EventType "team-tourn"]
[EventCountry "USA"]
[SourceTitle "playchess.com"]
[Source "ChessBase"]
[SourceQuality "1"]

{[%evp 9,59,31,35,19,16,29,42,33,27,-12,-7,-6,0,-42,0,-25,-22,-59,0,0,12,9,10,0,0,-45,-53,-56,-54,-58,-48,-57,-41,-64,-41,-49,-68,-79,-71,-105,-108,-158,-156,-164,-169,-395,-353,-445,-431,-723,-715,-1606]} 1. d4 d6 2. Nf3 Nf6 3. c4 g6 4. Nc3 Bf5 5. g3 Ne4 6. Bg2 {E61: King's Indian: Early deviations for White, including Smyslov System} (6. Bd2 Bg7 7. Bg2 Nxd2 8. Qxd2 O-O 9. O-O Nc6 10. d5 Na5 11. b3 c5 12. e4 Bd7 13. Rae1 Qc7 {½-½ (90) Onischuk,A (2667)-Caruana,F (2817) Saint Louis 2017}) 6... Nxc3 7. bxc3 Bg7 8. Nh4 {White is slightly better.} Bc8 $1 9. Rb1 O-O 10. O-O Nc6 11. Be3 $146 ({Predecessor:} 11. f4 e6 12. e4 Ne7 13. g4 f5 14. gxf5 gxf5 15. e5 d5 16. cxd5 Nxd5 17. Qe1 b5 18. Ba3 Rf7 19. Rxb5 c6 20. Bxd5 cxd5 21. Rb2 Ba6 22. Rf3 Rb8 23. Rxb8 Qxb8 24. Bd6 Qd8 {½-½ (24) Gajewski,G (2646)-Ipatov,A (2592) Jerusalem 2015}) 11... Qe8 12. Qd2 Na5 13. Rb4 Bd7 (13... Be6 $15) 14. Bxb7 $11 Nxb7 15. Rxb7 Bc8 16. Rb4 ({But not} 16. Rxc7 Qd8 $17) 16... a5 17. Rbb1 Qa4 18. Rb2 Qxc4 19. Nf3 Bh3 $36 {[%mdl 2048] Black fights for an advantage.} 20. Rc1 Rfb8 21. Rcb1 Rxb2 22. Rxb2 c5 23. Ng5 Bf5 24. Kg2 h6 25. Nh3 g5 26. f3 {[#]} a4 $1 {[%cal Ba5a4,Ba4a3][%mdl 32] Threatens to win with ...a3.} 27. Nf2 $2 {[#]} (27. a3) 27... a3 $1 $19 {[%cal Ra3b2]} 28. Rb7 Be6 29. Rb3 {[#]} (29. Nd3 $142 Qxa2 30. Qxa2 Bxa2 31. Nc1) 29... Qxb3 $1 {[%mdl 512]} 30. Qd1 {Accuracy: White = 23%, Black = 83%.} (30. axb3 a2) 0-1

[Event "PanAm Intercolleagiate-ch 2019"]
[Site "Charlotte"]
[Date "2019.12.28"]
[Round "2.7"]
[White "Theodorou, Nikolas"]
[Black "Draganoff, Daniel"]
[Result "1-0"]
[WhiteElo "2555"]
[BlackElo "2135"]
[Annotator "ChessBase"]
[PlyCount "99"]
[EventDate "2019.12.27"]
[EventType "team-tourn"]
[EventCountry "USA"]
[SourceTitle "playchess.com"]
[Source "ChessBase"]
[SourceQuality "1"]
[TimeControl "5400+30"]

1. d4 {[%emt 1:30:30]} d5 {[%emt 1:30:30]} 2. c4 {[%emt 0:00:30]} c6 {[%emt 0:00:30]} 3. Nf3 {[%emt 0:00:30]} Nf6 {[%emt 0:00:30]} 4. Nc3 {[%emt 0:00:30]} dxc4 {[%emt 0:00:30]} 5. e4 {[%emt 0:00:30]} b5 {[%emt 0:00:30]} 6. Be2 {[%emt 0:00:30]} e6 {[%emt 0:00:30]} 7. O-O {[%emt 0:00:30]} Be7 {[%emt 0:00:30]} 8. b3 {[%emt 0:00:30]} cxb3 {[%emt 0:00:30]} 9. Qxb3 {[%emt 0:00:30]} Nbd7 {[%emt 0:00:30]} 10. e5 {[%emt 0:00:30]} Nd5 {[%emt 0:00:30]} 11. Nxd5 {[%emt 0:00:30]} exd5 {[%emt 0:00:30]} 12. Qc2 {[%emt 0:00:30]} Nb6 {[%emt 0:00:30]} 13. Qxc6+ {[%emt 0:00:30]} Bd7 {[%emt 0:00:30]} 14. Qc2 {[%emt 0:00:30]} Rc8 {[%emt 0:00:30]} 15. Qb1 {[%emt 0:00:30]} Nc4 {[%emt 0:00:30]} 16. Bd3 {[%emt 0:00:30]} h6 {[%emt 0:00:30]} 17. h3 {[%emt 0:00:30]} O-O {[%emt 0:00:30]} 18. Qb3 {[%emt 0:00:30]} f6 {[%emt 0:00:30]} 19. e6 {[%emt 0:00:30]} Bxe6 {[%emt 0:00:30]} 20. Qxb5 {[%emt 0:00:30]} Qd7 {[%emt 0:00:30]} 21. Qxd7 {[%emt 0:00:30]} Bxd7 {[%emt 0:00:30]} 22. Rb1 {[%emt 0:00:30]} Bd6 {[%emt 0:00:30]} 23. Nh4 {[%emt 0:00:30]} Rb8 {[%emt 0:00:30]} 24. Rxb8 {[%emt 0:00:30]} Rxb8 {[%emt 0:00:30]} 25. Nf5 {[%emt 0:00:30]} Bb4 {[%emt 0:00:30]} 26. Bf4 {[%emt 0:00:30]} Re8 {[%emt 0:00:30]} 27. g4 {[%emt 0:00:30]} Bc3 {[%emt 0:00:30]} 28. Rb1 {[%emt 0:00:30]} Nb2 {[%emt 0:00:30]} 29. Ba6 {[%emt 0:00:30]} Bxf5 {[%emt 0:00:30]} 30. gxf5 {[%emt 0:00:30]} Bxd4 {[%emt 0:00:30]} 31. Bb7 {[%emt 0:00:30]} Rd8 {[%emt 0:00:30]} 32. Kf1 {[%emt 0:00:30]} Nc4 {[%emt 0:00:30]} 33. Rb5 {[%emt 0:00:30]} Nb6 {[%emt 0:00:30]} 34. a4 {[%emt 0:00:30]} Nxa4 {[%emt 0:00:30]} 35. Bxd5+ {[%emt 0:00:30]} Kh7 {[%emt 0:00:30]} 36. Bf7 {[%emt 0:00:30]} Nc3 {[%emt 0:00:30]} 37. Rb7 {[%emt 0:00:30]} Nd5 {[%emt 0:00:30]} 38. Bd2 {[%emt 0:00:30]} Bc5 {[%emt 0:00:30]} 39. Rb5 {[%emt 0:00:30]} Ne7 {[%emt 0:00:30]} 40. Rxc5 {[%emt 0:00:30]} Rxd2 {[%emt 0:00:30]} 41. Be6 {[%emt 0:00:30]} Rd6 {[%emt 0:00:30]} 42. Rc7 {[%emt 0:00:30]} Nd5 {[%emt 0:00:30]} 43. Rc8 {[%emt 0:00:30]} Nf4 {[%emt 0:00:30]} 44. Bg8+ {[%emt 0:00:30]} Kh8 {[%emt 0:00:30]} 45. Bb3+ {[%emt 0:00:30]} Kh7 {[%emt 0:00:30]} 46. h4 {[%emt 0:00:30]} Rb6 {[%emt 0:00:30]} 47. Bg8+ {[%emt 0:00:30]} Kh8 {[%emt 0:00:30]} 48. Ba2+ {[%emt 0:00:30]} Kh7 {[%emt 0:00:30]} 49. h5 {[%emt 0:00:30]} g5 {[%emt 0:00:30]} 50. fxg6+ {[%emt 0:00:30]} 1-0

[Event "PanAm Intercolleagiate-ch 2019"]
[Site "Charlotte"]
[Date "2019.12.28"]
[Round "2.8"]
[White "Bok, Benjamin"]
[Black "Ramachandran, Karthik"]
[Result "0-1"]
[WhiteElo "2636"]
[BlackElo "2125"]
[Annotator "RC"]
[PlyCount "76"]
[EventDate "2019.12.27"]
[EventType "team-tourn"]
[EventCountry "USA"]
[SourceTitle "playchess.com"]
[Source "ChessBase"]
[SourceQuality "1"]
[TimeControl "5400+30"]

1. e4 {[%emt 1:30:30]} c5 {[%emt 1:30:30]} 2. Nf3 {[%emt 0:00:30]} d6 {[%emt 0:00:30]} 3. Bb5+ {[%emt 0:00:30]} Nd7 {[%emt 0:00:30]} 4. O-O {[%emt 0:00:30]} a6 {[%emt 0:00:30]} 5. Bd3 {[%emt 0:00:30]} Ngf6 {[%emt 0:00:30]} 6. Re1 {[%emt 0:00:30]} e6 {[%emt 0:00:30]} 7. c3 {[%emt 0:00:30]} Be7 {[%emt 0:00:30]} 8. Bc2 {[%emt 0:00:30]} b5 {[%emt 0:00:30]} 9. d4 {[%emt 0:00:30]} Bb7 {[%emt 0:00:30]} 10. Qe2 {[%emt 0:00:30]} Qc7 {[%emt 0:00:30]} 11. Bd3 {[%emt 0:00:30]} O-O {[%emt 0:00:30]} 12. Nbd2 {[%emt 0:00:30]} Rfe8 {[%emt 0:00:30]} 13. Nf1 {[%emt 0:00:30]} e5 {[%emt 0:00:30]} 14. d5 {[%emt 0:00:30]} c4 {[%emt 0:00:30]} 15. Bc2 {[%emt 0:00:30]} a5 {[%emt 0:00:30]} 16. Ng3 {[%emt 0:00:30]} g6 {[%emt 0:00:30]} 17. h3 {[%emt 0:00:30]} Reb8 {[%emt 0:00:30]} 18. Bh6 {[%emt 0:00:30]} b4 {[%emt 0:00:30]} 19. Qd2 {[%emt 0:00:30]} Nc5 {[%emt 0:00:30]} 20. Ng5 {[%emt 0:00:30]} Ba6 {[%emt 0:00:30]} 21. Rab1 {[%emt 0:00:30]} b3 {[%emt 0:00:30]} 22. axb3 {[%emt 0:00:30]} cxb3 {[%emt 0:00:30]} 23. Bd1 {[%emt 0:00:30]} a4 {[%emt 0:00:30]} 24. Be2 {[%emt 0:00:30]} a3 {[%emt 0:00:30]} 25. bxa3 {[%emt 0:00:30]} Bxe2 {[%emt 0:00:30]} 26. Rxe2 {[%emt 0:00:30]} Rxa3 {[%emt 0:00:30]} 27. Nf3 {[%emt 0:00:30]} Ra2 {[%emt 0:00:30]} 28. Qd1 {[%emt 0:00:30]} Rxe2 {[%emt 0:00:30]} 29. Qxe2 {[%emt 0:00:30]} Na4 {[%emt 0:00:30]} 30. Bd2 {[%emt 0:00:30]} Nxc3 {[%emt 0:00:30]} 31. Bxc3 {[%emt 0:00:30]} Qxc3 {[%emt 0:00:30]} 32. Qb2 {[%emt 0:00:30]} Qxb2 {[%emt 0:00:30]} 33. Rxb2 {[%emt 0:00:30]} Nd7 {[%emt 0:00:30]} 34. Nf1 {[%emt 0:00:30]} Nc5 {[%emt 0:00:30]} 35. N1d2 {[%emt 0:00:30]} f5 {[%emt 0:00:30]} 36. exf5 {[%emt 0:00:30]} gxf5 {[%emt 0:00:30]} 37. Rb1 {[%emt 0:00:30]} Rb4 {[%emt 0:00:30]} 38. Ra1 {[%emt 0:00:30]} e4 {[%emt 0:00:30]} 0-1

[Event "PanAm Intercolleagiate-ch 2019"]
[Site "Charlotte"]
[Date "2019.12.28"]
[Round "2.9"]
[White "Yang, Christopher"]
[Black "Quesada Perez, Yuniesky"]
[Result "1/2-1/2"]
[WhiteElo "2132"]
[BlackElo "2601"]
[Annotator "TA"]
[PlyCount "53"]
[EventDate "2019.12.27"]
[EventType "team-tourn"]
[EventCountry "USA"]
[SourceTitle "playchess.com"]
[Source "ChessBase"]
[SourceQuality "1"]

{[%evp 9,53,38,59,33,50,16,20,19,32,23,30,16,27,7,7,8,12,14,9,19,18,25,29,22,25,13,41,23,27,13,19,2,2,6,7,0,27,25,24,11,20,19,25,22,33,27]} 1. e4 d5 2. exd5 Qxd5 3. Nc3 Qd6 4. d4 Nf6 5. Nf3 c6 6. h3 {B01: Scandinavian Defence} Bf5 (6... g6 7. Bc4 Be6 8. Bb3 Bxb3 9. axb3 Qe6+ 10. Ne5 Nbd7 11. O-O Nxe5 12. dxe5 Qxe5 13. Re1 Qf5 {1-0 (24) Dominguez Perez,L (2752)-Andreikin,D (2759) Hengshui 2019}) 7. Bd3 (7. Nh4 {is more complex.} Bg6 8. Nxg6 hxg6 9. Be3 e6 10. Qf3) 7... Bxd3 8. Qxd3 {The position is equal.} Nbd7 9. O-O $146 ({Predecessor:} 9. Ne2 e6 {1-0 (55) Nuber,H (2034)-Sarec,I (2062) Germany 2014}) 9... e6 10. Ne2 Qc7 11. Bf4 Bd6 12. Bxd6 Qxd6 13. Rad1 O-O 14. c4 Rad8 15. Nc3 Qb4 16. b3 Rfe8 17. Rfe1 Nf8 18. Qc2 Ng6 19. Ne5 Qa5 20. Re3 (20. Rd3 {is interesting.} Nf4 21. Rd2 Ng6 22. g3 c5 23. dxc5 Nxe5 24. Rxe5 a6 25. Rxd8 Rxd8 26. Na4) 20... c5 21. dxc5 Rxd1+ 22. Nxd1 Qxc5 23. Nxg6 hxg6 24. Nc3 Qa5 25. Rd3 a6 26. Qd2 Qc7 27. Qe3 {Accuracy: White = 31%, Black = 54%.} 1/2-1/2

[Event "PanAm Intercolleagiate-ch 2019"]
[Site "Charlotte"]
[Date "2019.12.28"]
[Round "2.10"]
[White "Martinez, Isaac"]
[Black "Gledura, Benjamin"]
[Result "1-0"]
[WhiteElo "2079"]
[BlackElo "2626"]
[Annotator "RC"]
[PlyCount "111"]
[EventDate "2019.12.27"]
[EventType "team-tourn"]
[EventCountry "USA"]
[SourceTitle "playchess.com"]
[Source "ChessBase"]
[SourceQuality "1"]
[TimeControl "5400+30"]

1. Nf3 {[%emt 0:00:00]} c5 {[%emt 0:00:00]} 2. c4 {[%emt 0:00:00]} g6 {[%emt 0:00:00]} 3. g3 {[%emt 0:01:18]} Bg7 {[%emt 0:00:34]} 4. Bg2 {[%emt 0:00:16]} Nc6 {[%emt 0:00:35]} 5. Nc3 {[%emt 0:00:18]} d6 {[%emt 0:00:24]} 6. O-O {[%emt 0:01:30]} e5 {[%emt 0:00:22]} 7. a3 {[%emt 0:00:48]} a5 {[%emt 0:00:12]} 8. d3 {[%emt 0:03:30]} Nge7 {[%emt 0:00:31]} 9. Bd2 {[%emt 0:04:37]} O-O {[%emt 0:00:54]} 10. Rb1 {[%emt 0:02:45]} h6 {[%emt 0:03:53]} 11. Nb5 {[%emt 0:01:30]} Be6 {[%emt 0:06:02]} 12. Qc1 {[%emt 0:15:20]} Kh7 {[%emt 0:00:40]} 13. b4 {[%emt 0:00:10]} axb4 {[%emt 0:04:07]} 14. axb4 {[%emt 0:00:06]} b6 {[%emt 0:00:45]} 15. Bc3 {[%emt 0:02:45]} Qd7 {[%emt 0:04:16]} 16. Nd2 {[%emt 0:03:01]} Rac8 {[%emt 0:12:21]} 17. bxc5 {[%emt 0:02:43]} bxc5 {[%emt 0:00:07]} 18. Ne4 {[%emt 0:01:42]} Nf5 {[%emt 0:04:25]} 19. e3 {[%emt 0:00:43]} Rcd8 {[%emt 0:06:24]} 20. Ra1 {[%emt 0:01:03]} Qe7 {[%emt 0:03:27]} 21. Qa3 {[%emt 0:06:42]} Rd7 {[%emt 0:04:47]} 22. Rfb1 {[%emt 0:09:01]} Rc8 {[%emt 0:02:23]} 23. Qa6 {[%emt 0:01:42]} Rdd8 {[%emt 0:01:24]} 24. Qb6 {[%emt 0:05:03]} Bf8 {[%emt 0:08:39]} 25. Nxc5 {[%emt 0:06:16]} dxc5 {[%emt 0:01:19]} 26. Bxc6 {[%emt 0:00:06]} Rb8 {[%emt 0:00:47]} 27. Qa7 {[%emt 0:01:46]} Qxa7 {[%emt 0:02:33]} 28. Rxa7 {[%emt 0:00:27]} Rxd3 {[%emt 0:01:02]} 29. Bxe5 {[%emt 0:00:26]} Rb6 {[%emt 0:01:37]} 30. Be4 {[%emt 0:03:55]} Bxc4 {[%emt 0:01:33]} 31. Rxf7+ {[%emt 0:01:14]} Bxf7 {[%emt 0:06:03]} 32. Bxd3 {[%emt 0:00:07]} Bg7 {[%emt 0:01:26]} 33. Bxg7 {[%emt 0:00:22]} Kxg7 {[%emt 0:00:05]} 34. Kf1 {[%emt 0:01:20]} Nd6 {[%emt 0:03:11]} 35. Nxd6 {[%emt 0:00:16]} Rxd6 {[%emt 0:00:02]} 36. Ke2 {[%emt 0:02:00]} Kf6 {[%emt 0:02:50]} 37. Rc1 {[%emt 0:00:35]} Rc6 {[%emt 0:00:27]} 38. e4 {[%emt 0:00:18]} g5 {[%emt 0:08:15]} 39. f4 {[%emt 0:00:26]} gxf4 {[%emt 0:00:19]} 40. gxf4 {[%emt 0:00:02]} Bh5+ {[%emt 0:00:26]} 41. Ke3 {[%emt 0:00:09]} Bg4 {[%emt 0:00:06]} 42. e5+ {[%emt 0:01:00]} Ke6 {[%emt 0:00:31]} 43. Bc4+ {[%emt 0:00:54]} Kf5 {[%emt 0:01:19]} 44. Rb1 {[%emt 0:00:21]} Kg6 {[%emt 0:00:36]} 45. Rg1 {[%emt 0:02:12]} Kh5 {[%emt 0:00:39]} 46. Ke4 {[%emt 0:02:02]} Rb6 {[%emt 0:00:39]} 47. Kd5 {[%emt 0:00:35]} Rb2 {[%emt 0:00:35]} 48. e6 {[%emt 0:00:54]} Rd2+ {[%emt 0:02:31]} 49. Kxc5 {[%emt 0:00:22]} Bxe6 {[%emt 0:01:01]} 50. Bxe6 {[%emt 0:00:07]} Rxh2 {[%emt 0:00:02]} 51. f5 {[%emt 0:00:19]} Rf2 {[%emt 0:00:41]} 52. Rg6 {[%emt 0:01:45]} Rd2 {[%emt 0:00:51]} 53. Rg8 {[%emt 0:00:33]} Rf2 {[%emt 0:00:16]} 54. Kd6 {[%emt 0:00:29]} Kh4 {[%emt 0:00:05]} 55. Ke7 {[%emt 0:00:18]} h5 {[%emt 0:00:03]} 56. Rf8 {[%emt 0:00:11]} 1-0

[Event "PanAm Intercolleagiate-ch 2019"]
[Site "Charlotte"]
[Date "2019.12.28"]
[Round "2.11"]
[White "Wang, Xiexin"]
[Black "Cordova, Emilio"]
[Result "0-1"]
[WhiteElo "2086"]
[BlackElo "2585"]
[Annotator "ChessBase"]
[PlyCount "84"]
[EventDate "2019.12.27"]
[EventType "team-tourn"]
[EventCountry "USA"]
[SourceTitle "playchess.com"]
[Source "ChessBase"]
[SourceQuality "1"]
[TimeControl "5400+30"]

1. c4 {[%emt 1:30:30]} e5 {[%emt 1:30:30]} 2. g3 {[%emt 0:00:30]} Nc6 {[%emt 0:00:30]} 3. Bg2 {[%emt 0:00:30]} Bc5 {[%emt 0:00:30]} 4. Nc3 {[%emt 0:00:30]} a6 {[%emt 0:00:30]} 5. e3 {[%emt 0:00:30]} Ba7 {[%emt 0:00:30]} 6. Nge2 {[%emt 0:00:30]} d6 {[%emt 0:00:30]} 7. Rb1 {[%emt 0:00:30]} Bf5 {[%emt 0:00:30]} 8. d3 {[%emt 0:00:30]} Qd7 {[%emt 0:00:30]} 9. Nd5 {[%emt 0:00:30]} Rc8 {[%emt 0:00:30]} 10. b4 {[%emt 0:00:30]} b5 {[%emt 0:00:30]} 11. Qc2 {[%emt 0:00:30]} Nge7 {[%emt 0:00:30]} 12. Nxe7 {[%emt 0:00:30]} Nxe7 {[%emt 0:00:30]} 13. Bb7 {[%emt 0:00:30]} Rb8 {[%emt 0:00:30]} 14. Bf3 {[%emt 0:00:30]} O-O {[%emt 0:00:30]} 15. O-O {[%emt 0:00:30]} bxc4 {[%emt 0:00:30]} 16. Qxc4 {[%emt 0:00:30]} d5 {[%emt 0:00:30]} 17. Qc2 {[%emt 0:00:30]} Rb6 {[%emt 0:00:30]} 18. Bb2 {[%emt 0:00:30]} Bh3 {[%emt 0:00:30]} 19. Rfe1 {[%emt 0:00:30]} Rf6 {[%emt 0:00:30]} 20. Bh1 {[%emt 0:00:30]} Ng6 {[%emt 0:00:30]} 21. d4 {[%emt 0:00:30]} e4 {[%emt 0:00:30]} 22. Nf4 {[%emt 0:00:30]} Nxf4 {[%emt 0:00:30]} 23. exf4 {[%emt 0:00:30]} Rxf4 {[%emt 0:00:30]} 24. Rbc1 {[%emt 0:00:30]} Rc8 {[%emt 0:00:30]} 25. f3 {[%emt 0:00:30]} Rf6 {[%emt 0:00:30]} 26. fxe4 {[%emt 0:00:30]} dxe4 {[%emt 0:00:30]} 27. Qxe4 {[%emt 0:00:30]} Re6 {[%emt 0:00:30]} 28. Qf4 {[%emt 0:00:30]} h6 {[%emt 0:00:30]} 29. Bg2 {[%emt 0:00:30]} Bxg2 {[%emt 0:00:30]} 30. Kxg2 {[%emt 0:00:30]} Qd5+ {[%emt 0:00:30]} 31. Kg1 {[%emt 0:00:30]} Rxe1+ {[%emt 0:00:30]} 32. Rxe1 {[%emt 0:00:30]} Qxa2 {[%emt 0:00:30]} 33. Re2 {[%emt 0:00:30]} Bb6 {[%emt 0:00:30]} 34. Kg2 {[%emt 0:00:30]} Rd8 {[%emt 0:00:30]} 35. Qe5 {[%emt 0:00:30]} Qc4 {[%emt 0:00:30]} 36. Re4 {[%emt 0:00:30]} Qxb4 {[%emt 0:00:30]} 37. d5 {[%emt 0:00:30]} Qd2+ {[%emt 0:00:30]} 38. Kh3 {[%emt 0:00:30]} Qg5 {[%emt 0:00:30]} 39. Qc3 {[%emt 0:00:30]} Rxd5 {[%emt 0:00:30]} 40. Rg4 {[%emt 0:00:30]} Qh5+ {[%emt 0:00:30]} 41. Rh4 {[%emt 0:00:30]} Qf5+ {[%emt 0:00:30]} 42. Rg4 {[%emt 0:00:30]} Qf1+ {[%emt 0:00:30]} 0-1